000 00606nam a22002057a 4500
005 20250318061056.0
008 250318b |||||||| |||| 00| 0 eng d
020 _a9780639018041
022 _a0409004480
041 _aEnglish
082 _a349 JOU
100 _aJoubert, WA
_cSC MA LLB LLD LLD (hc)
_lEnglish
245 _aThe Law of South Africa /
_cWA Joubert
250 _aThird Edition
260 _aDurban:
_bLexisNexis,
_c2025
300 _bvii, 376 pages;
_c26 cm.
650 _aLegal practice
_bLaw
700 _aJA Faris
_cBA LLB LLM LLD
942 _cBK
_6ALISON_BN_VRIES
999 _c3295
_d3295